Study of biographies of the buddhat : (Record no. 124549)

MARC details
000 -LEADER
fixed length control field 00686nam a22002297a 4500
005 - DATE AND TIME OF LATEST TRANSACTION
control field 20170124105941.0
010 ## - LIBRARY OF CONGRESS CONTROL NUMBER
LC control number A-579727
020 ## - INTERNATIONAL STANDARD BOOK NUMBER
Terms of availability 180.00
035 ## - SYSTEM CONTROL NUMBER
System control number A-579727
037 ## - SOURCE OF ACQUISITION
Source of stock number/acquisition Cen Lib/Ret
040 ## - CATALOGING SOURCE
Original cataloging agency DPL
Language of cataloging EN
082 ## - DEWEY DECIMAL CLASSIFICATION NUMBER
Classification number 250
Edition number SAT
100 ## - MAIN ENTRY--PERSONAL NAME
Personal name Sath, Ved
9 (RLIN) 11123
245 ## - TITLE STATEMENT
Title Study of biographies of the buddhat :
Statement of responsibility, etc by Ved Seth
Remainder of title based on pali and sanskrit sources /
260 ## - PUBLICATION, DISTRIBUTION, ETC. (IMPRINT)
Place of publication, distribution, etc New Delhi
Name of publisher, distributor, etc Akay book corporation
Date of publication, distribution, etc 1992
270 ## - ADDRESS
City New Delhi
Address FB-23, tagore garden
Postal code 110027
300 ## - PHYSICAL DESCRIPTION
Extent 252p.
Dimensions 21cm(Hb)
500 ## - GENERAL NOTE
General note Includes index
650 ## - SUBJECT ADDED ENTRY--TOPICAL TERM
Topical term or geographic name as entry element Religion
Chronological subdivision
Form subdivision bibiliography
9 (RLIN) 11124
650 ## - SUBJECT ADDED ENTRY--TOPICAL TERM
Topical term or geographic name as entry element Buddhism
9 (RLIN) 1068
942 ## - ADDED ENTRY ELEMENTS (KOHA)
Source of classification or shelving scheme Dewey Decimal Classification
Koha item type English Books
Classification part 250
Call number suffix SET
Holdings
Withdrawn status Lost status Damaged status Not for loan Collection code Home library Current library Date acquired Source of acquisition Cost, normal purchase price Total Checkouts Full call number Barcode Date last seen Copy number Cost, replacement price Price effective from Koha item type
      Not For Loan Reference Central Library Central Library 17/06/2015 Cen Lib/Ret 180.00   250 SET A-579727 17/06/2015 1 180.00 17/06/2015 English Books

© Delhi Public Library
Hit Counter
free hit counter